|
|
|
|
| LEADER |
00940cam a2200241 7i4500 |
| 001 |
0000042464 |
| 005 |
20170223090000.0 |
| 020 |
|
|
|a 9780838910924 (pbk.)
|
| 020 |
|
|
|a 0838910920
|
| 090 |
0 |
0 |
|a KF2995
|b .C74 2012
|
| 100 |
1 |
|
|a Crews, Kenneth D
|
| 245 |
1 |
0 |
|a Copyright law for librarians and educators :
|b creative strategies and practical solutions
|c Kenneth D. Crews.
|
| 250 |
|
|
|a 3rd ed.
|
| 260 |
|
|
|a Chicago:
|b American Library Association,
|c 2012.
|
| 300 |
|
|
|a xii, 192 p.:
|b ill.;
|c 28 cm.
|
| 650 |
0 |
0 |
|a Teachers --
|z United States
|
| 650 |
0 |
0 |
|a Librarians --
|z United States
|
| 650 |
0 |
0 |
|a Copyright --
|z United States
|
| 650 |
0 |
0 |
|a Fair use (Copyright) --
|z United States
|
| 997 |
|
|
|a Communication, Visual Art & Computing, Faculty
|b Communication, Department
|
| 998 |
|
|
|a Library Science, Diploma
|
| 999 |
|
|
|a 0000054601
|b BOK
|c OPEN SHELF
|e 1st Floor, Bestari Jaya
|
| 999 |
|
|
|a 0000055707
|b BOK
|c OPEN SHELF
|e 1st Floor, Bestari Jaya
|